Opinnot lukiossa - Statistics

Yleistilastot
  • Tätä visaa on pelattu 777 kertaa
  • Keskiarvotulos 14 / 16
Vastaustilastot
Opintopisteiden määrä Oppiaine % Oikein
4 Biologia
98%
2 Fysiikka
98%
2 Kemia
98%
12 Äidinkieli ja kirjallisuus
97%
2/4 Kuvataide
97%
4 Liikunta
95%
2 Maantiede
95%
6 Historia
94%
2/4 Musiikki
92%
2 Psykologia
91%
6 Yhteiskuntaoppi
91%
4 Filosofia
90%
10/18 Matematiikka
90%
4 Uskonto / Elämänkatsomustieto
88%
2 Terveystieto
75%
4 Opinto-ohjaus
52%
Ehtoja vastaavia visoja ei löytynyt
Tulosjakauma
Jokaisen tuloksen saaneiden osuus
Persentiili vastausten määrän mukaan
Tuloshistoriasi
Et ole pelannut tätä visaa